LEADER 02802nam a2200481 a 4500 001 000000133991 003 CaOOAMICUS 005 20181029091300.0 008 130523m20119999ne u000 u eng r 020 $z9789004194229 (v. 6.1)* 020 $a978-90-04-26882-1 (v. 9.2) 020 $a9789004362277 (v. 9.1)* 032 $aLibriCat 040 $aPUL$bita 082 04$a180 245 00$aTheophrastus of Eresus :$bsources for his life, writings, thought and influence. Commentary. 260 $aLeiden ;$aBoston :$bBrill,$c2011- 300 $av. ;$c25 cm. 490 1 $aPhilosophia antiqua ;$v123, 136, 149 504 $aContiene indicazioni bibliografiche e indice. 505 1 $aV. 6.1. Sources on ethics / William W. Fortenbaugh ; with contributions on the arabic material by Dimitri Gutas. -- v. 9.1. Sources on music : texts 714-726 C / by Massimo Raffa. -- v. 9.2. Sources on discoveries and beginnings, proverbs et al. (texts 727-741) / by William W. Fortenbaught ; with contributions on the arabic material by Dimitri Gutas. 600 04$aTheophrastus,$dc. 371-c. 286 a.C.$0(OLS)http://pul/subject/3690 700 1 $aGutas, Dimitri.$0(OLS)http://pul/name/86347 700 1 $aFortenbaugh, William W.$0(OLS)http://pul/name/63263 740 02$aSources on ethics. 740 02$aSources on discoveries and beginnings, proverbs et al. (texts 727-741) . 740 02$aSources on music : texts 714-726 C. 830 0$aPhilosophia antiqua ;$v123, 136, 149.$0(OLS)http://pul/title/2231 850 $aPUL 852 $aPUL$W1$xSL Filosofia 3$y81$m180 COLL 3.136$j160225$av. 9.2$qDDC 21$B159673$CPULBib$Z2$F159673 $H124240 $82 852 $aPUL$W1$xSL Filosofia 3$y81$m180 COLL 3.123$j154061$qDDC 21$B153612$CPULBib$Z2$F153612 $H122461 $82 852 $aPUL$W1$xSL Filosofia 3$y81$m180 COLL 3.149$j193088$bv. 9.1$qDDC 21$B198396$CPULBib$Z2$F198396 $H131504 $81 941 1 $a9 996 $6020$z9789004194229 (v. 6.1)*$9(OLS)http://pul/number/152769 996 $6020$a978-90-04-26882-1 (v. 9.2)$9(OLS)http://pul/number/155530 996 $6020$a9789004362277 (v. 9.1)*$9(OLS)http://pul/number/165052 996 $6082$a180$9(OLS)http://pul/classification/366 996 $6245$aTheophrastus of Eresus :$bsources for his life, writings, thought and influence. Commentary$9(OLS)http://pul/title/169394 996 $6740$aSources on ethics$9(OLS)http://pul/title/169395 996 $6740$aSources on discoveries and beginnings, proverbs et al. (texts 727-741) $9(OLS)http://pul/title/175734 996 $6740$aSources on music : texts 714-726 C$9(OLS)http://pul/title/210863 996 $6260$aLeiden ;$aBoston :$bBrill$9(OLS)http://pul/publisher/68781 LEADER 02516nam a2200469 u 4500 001 000000111093 003 CaOOAMICUS 005 20080407154314.0 008 080407s2007 it u000 u ita u 040 $aPUL$bita$dLDB 041 0 $aita$agrc$hgrc 245 00$aEpigrammi ; Idilli ; Epigrammi /$cCallimaco, traduzione di Giuseppe Zanetto, introduzione e commento di Paola Ferrari ; Teocrito, a cura di Marina Cavalli ; Meleagro, a cura di Giulio Guidorizzi. 246 30$aIdilli 246 38$aPoeti ellenistici 246 30$aEpigrammi 260 $aMilano :$bMondadori,$cc2007. 300 $a626 p. ;$c18 cm. 490 1 $aI classici collezione Greci e latini ;$v63 504 $aInclude riferimenti bibliografici. 546 $aTesto greco a fronte. 700 1 $aCavalli, Marina.$0(OLS)http://pul/name/64504 700 1 $aZanetto, Giuseppe.$0(OLS)http://pul/name/7853 700 1 $aGuidorizzi, Giulio.$0(OLS)http://pul/name/24190 700 02$aMeleager Gadarensisi,$dca. 140-70 a.C.$tEpigrammata.$0(OLS)http://pul/name/68162 700 1 $aFerrari, Paola.$0(OLS)http://pul/name/68159 700 0 $aTheocritus Syracusanus,$dc. 300-260 a.C.$tIdyllia.$0(OLS)http://pul/nameTitle/686$0(OLS)http://pul/name/18711$0(OLS)http://pul/title/137483 700 0 $aCallimachus,$dc. 305-240 a.C.$tEpigrammata.$0(OLS)http://pul/nameTitle/753$0(OLS)http://pul/name/32937$0(OLS)http://pul/title/132059 700 1 $aMeleager Gadarensis,$dca. 140-70 a.C.$tEpigrammata.$0(OLS)http://pul/nameTitle/756$0(OLS)http://pul/name/68163$0(OLS)http://pul/title/132059 700 02$aCallimachus,$dc. 305-240 a.C$tEpigrammata.$0(OLS)http://pul/name/68160 700 02$aTheocritus Syracusanus,$dc. 300-260 a.C$tIdyllia.$0(OLS)http://pul/name/68161 830 2$aI classici collezione$pGreci e latini (Mondadori) ;$v63.$0(OLS)http://pul/title/131999 850 $aPUL 852 $aPUL$W1$xSL Cons. Gen., Altre Classi 3$y75$m880 COLL 1.63$j127356$qDDC 21$B126063$CPULBib$Z2$F126063 $H106921 $82 900 $aCallimaco,$dc. 305-240 a.C.$932937 900 $aCalìmaco$932937 900 $aCallimachus Cyrenaicus,$dc. 305-240 a.C.$932937 941 1 $a9 996 $6246$aIdilli$9(OLS)http://pul/title/139667 996 $6246$aPoeti ellenistici$9(OLS)http://pul/title/139665 996 $6245$aEpigrammi ; Idilli ; Epigrammi$9(OLS)http://pul/title/139666 996 $6246$aEpigrammi$9(OLS)http://pul/title/139668 996 $6260$aMilano :$bMondadori$9(OLS)http://pul/publisher/50297